000 00656nam a2200289Ia 4500
005 20260324150727.0
008 008 260324s9999 xx 000 0 eng d
020 _a9781003527527
037 _aEBOOK
040 _aCRL
040 _beng
040 _cCRL
041 _2eng
041 _aeng
084 _qCRL
100 _aMaurice Lovell
_91227408
245 4 _aThe Soviet Way of Life
245 3 _bAn Examination
260 _bTaylor and Francis
260 _c1948
365 _a
365 _b145
856 _uhttp://www.taylorfrancis.com/books/9781003527527
942 _cEBOOK
999 _c1837377
_d1837377